000 00745nam a2200265Ia 4500
003 OSt
005 20221007103611.0
006 a|||||r|||| 00| 0
007 ta
008 221006b |||||||| |||| 00| 0 eng d
020 _a8176299863
024 _a13,563
037 _cTextual
040 _aLCO
_cLCO
_beng
041 _2eng
_aeng
082 _aY15:45:6, P7
100 _aMisra Preeti
_9531488
245 0 _aDomestic Violence Against Women
_b Legal control and judicial response
260 _aNew
_bDelhi Deep & Deep Publications Pvt. Ltd. India
_c2007
300 _a606
650 _a WOMEN
650 _aDOMESTIC VIOLENCE
_933868
942 _hY15:45:6, P7
_cTEXL
999 _c1183126
_d1183126